00655nam a22001937a 4500003000400000005001700004008004100021010001500062020002600077035001400103040000600117082001100123245012100134260005700255270008200312300001900394700002400413700002400437dpl20230307115759.0230306b ||||| |||| 00| 0 eng d aENG-136352 a9788194357858c150.00 aEN-119884 c0 a333.30 aUnequal Land Relations In North Easr India :bCustom, Gender And The Market /cEdited By Erik Maaker and Meenal Tula aGuwahatibNorth Eastern Social Research Centrec2020 aJagriti 2nd Floor, Arunodoi Path,GMCH Road, Christian BastibGuwahatie781005 aix178 p.c21pb aMaaker,ErikeEditor aTula,MeenaleEditor